Animaux 2 - Statistiques

Statistiques générales
  • Ce quiz a été pris 101 fois
  • Le résultat moyen est 9 sur 16
Statistiques - réponses
Par images Réponse % Correct
Girafe
99%
Zèbre
97%
Poule
95%
Chenille
90%
Paon
87%
Autruche
85%
Cerf
83%
Crapaud
67%
Okapi
52%
Orignal
32%
Anaconda
28%
Gibbon
26%
Larve
24%
Impala
17%
Yak
5%
Cynge
0%
Aucun quiz correspondant
Distribution des résultats
% des personnes avec chaque résultat
Percentile par nombre de réponses
Votre historique - résultats
Vous n’avez pas pris ce quiz